000 00562nam a2200181 i 4500
001 120627
003 ES-MaACL
005 20230906191605.0
007 t|
008 070214s1976 sp |||| | spa d
100 1 _aPolaino-Lorente, A.
_992796
245 1 0 _aEnuresis y relajación
_b: resultados clínicos /
_cpor A. Polaino-Lorente.
260 _aBarcelona :
_bSeix y Barral,
_c1976.
300 _a6 p. ;
_c27 cm.
595 _aEs tirada aparte de: "Folia clínica internacional", t. XXIV.
650 4 _aEnuresis.
_9149373
852 _aES-MaACL
_j2129-F-34
999 _c120627
_d120627